| 000 | 00672nam a2200193 4500 | ||
|---|---|---|---|
| 001 | 111812 | ||
| 003 | ES-MaACL | ||
| 005 | 20230906185351.0 | ||
| 007 | t| | ||
| 008 | 061121s1929 fr r ||||1| fre d | ||
| 100 | 1 |
_aNevalinna, Rolf. _985464 |
|
| 245 | 1 | 3 |
_aLe théorème de Picard-Borel et la théorie des fonctions méromorphes / _cpar Rolf Nevalinna. |
| 260 |
_aParis : _bGauthier-Villars et Cie., _c1929. |
||
| 300 |
_aVII, 74 p. ; _c25 cm. |
||
| 490 | 1 | _aCollection de monographies sur la théorie des fonctions | |
| 830 | 0 |
_aCollection de monographies sur la théorie des fonctions _9182546 |
|
| 852 |
_aES-MaACL _jC-5293 _bR.25452 |
||
| 999 |
_c111812 _d111812 |
||